|
|
|
|
| LEADER |
00000nam0a2200000 4500 |
| 001 |
204327 |
| 005 |
20231101225217.0 |
| 035 |
|
|
|a (RuTPU)RU\TPU\book\222727
|
| 090 |
|
|
|a 204327
|
| 100 |
|
|
|a 20111122d1954 km y0rusy50 ca
|
| 101 |
0 |
|
|a rus
|
| 102 |
|
|
|a RU
|
| 105 |
|
|
|a a z 000zy
|
| 200 |
1 |
|
|a Фрезы
|e материалы и конструкции
|f В. А. Блюмберг, Ю. Г. Тыминский
|
| 210 |
|
|
|a Ленинград
|c Лениздат
|d 1954
|
| 215 |
|
|
|a 59 с.
|c ил.
|
| 225 |
1 |
|
|a Библиотечка фрезеровщика
|v Вып. 4
|
| 606 |
1 |
|
|a Фрезы
|2 stltpush
|3 (RuTPU)RU\TPU\subj\16906
|9 42794
|
| 610 |
1 |
|
|a металлы
|
| 610 |
1 |
|
|a обработка
|
| 610 |
1 |
|
|a фрезерование
|
| 675 |
|
|
|a 621.914.2
|v 3
|
| 700 |
|
1 |
|a Блюмберг
|b В. А.
|
| 701 |
|
1 |
|a Тыминский
|b Ю. Г.
|
| 801 |
|
1 |
|a RU
|b 63413507
|c 20111122
|
| 801 |
|
2 |
|a RU
|b 63413507
|c 20111213
|g RCR
|
| 942 |
|
|
|c BK
|